000 00410nam a22001697a 4500
005 20260413170546.0
008 160628b xxu||||| |||| 00| 0 eng d
020 _a1-86197-528-7
041 _aeng
082 _a658.4
100 _aRobert Heller
_99004
245 _aIn Search of European Excellence
260 _bProfile books
_c1997
300 _a263
650 _aExecutive management
_99005
942 _cBK
999 _c4432
_d4431